Governing Taiwan and Tibet : democratic approaches /

Bibliographic Details
Main Author: He, Baogang, 1957- (Author)
Format: Book
Language:English
Published: Edinburgh : Edinburgh University Press, [2015]
Subjects:

MARC

Tag First Indicator Second Indicator Subfields
LEADER 00000cam a2200000 i 4500
001 in00003582621
005 20170928133014.0
008 150605t20152015stka f b 001 0 eng d
020 |a 9780748699711 (hbk.) 
020 |a 0748699716 (hbk.) 
035 |a (OCoLC)ocn914463618 
035 |a (OCoLC)914463618 
040 |a CDX  |e rda  |c CDX  |d COO  |d YDX  |d RCJ  |d UtOrBLW 
043 |a a-cc---  |a a-ch---  |a a-cc-ti 
049 |a TXAM 
050 4 |a JQ1516  |b .H42 2015 
082 0 |a 320.4/51  |2 23 
100 1 |a He, Baogang,  |d 1957-  |e author.  |0 http://id.loc.gov/authorities/names/n96018562 
245 1 0 |a Governing Taiwan and Tibet :  |b democratic approaches /  |c Baogang He. 
264 1 |a Edinburgh :  |b Edinburgh University Press,  |c [2015] 
264 4 |c ©2015 
300 |a viii, 272 pages :  |b illustrations ;  |c 24 cm. 
336 |a text  |b txt  |2 rdacontent 
337 |a unmediated  |b n  |2 rdamedia 
338 |a volume  |b nc  |2 rdacarrier 
504 |a Includes bibliographical references and index. 
505 0 0 |g Introduction --  |t The idea of democratic governance --  |t The real utopian approach --  |t The empire thesis and its critics --  |t Nationalism, democratisation and the Taiwan question --  |t Referendum and the Taiwanese national identity --  |t Sovereignty and the Taiwan question --  |t Confucian and Marxist theoretical traditions of minority rights and beyond --  |t Beyond socialist autonomy in Tibet --  |t Beyond Chinese linguistic imperialism : multi-linguistic policy --  |t A deliberative approach to the Tibet autonomy issue. 
650 0 |a Democracy  |z China.  |0 http://id.loc.gov/authorities/subjects/sh2008102160 
651 0 |a China  |x Politics and government.  |0 http://id.loc.gov/authorities/subjects/sh85024153 
650 0 |a Democracy  |z Taiwan.  |0 http://id.loc.gov/authorities/subjects/sh2008102161 
650 0 |a Democracy  |z China  |z Tibet Autonomous Region. 
945 |a PromptCat  |b 297748 
946 |a stk 
947 |a A14842880560 
948 |a cataloged  |b h  |c 2015/8/27  |d c  |e dmitchel  |f 12:30:20 pm 
994 |a C0  |b TXA 
999 f f |s 7619f748-a636-3b54-84b3-9039725f5dde  |i 090ccea0-7b78-3504-88e8-25b1e824edb3  |t 0 
952 f f |p ric  |a Texas A&M University  |b Rellis Campus  |c Joint Library Facility  |d Remote Storage  |t 0  |e JQ1516 .H42 2015  |h Library of Congress classification  |i unmediated -- volume  |m A14842880560 
998 f f |a JQ1516 .H42 2015  |t 0  |l Remote Storage